Fatal accidents of birth: (Record no. 143441)

MARC details
000 -LEADER
fixed length control field 00884nam a22002297a 4500
005 - DATE AND TIME OF LATEST TRANSACTION
control field 20221228122227.0
010 ## - LCCN (DPL NO)
LC control number 1718EN-30 B-681910-917 ENG-135961
020 ## - INTERNATIONAL STANDARD BOOK NUMBER
International Standard Book Number 9789386050878
Terms of availability 499.00
020 ## - INTERNATIONAL STANDARD BOOK NUMBER
International Standard Book Number 9789386050595
Terms of availability 499.00
035 ## - SYSTEM CONTROL NUMBER
System control number B-681910-917
035 ## - SYSTEM CONTROL NUMBER
System control number EN-119493
037 ## - SOURCE OF ACQUISITION
Source of stock number/acquisition Pragati
Stock number dpl
037 ## - SOURCE OF ACQUISITION
Source of stock number/acquisition DBAD/PUB
082 ## - DEWEY DECIMAL CLASSIFICATION NUMBER
Classification number 305.5680954
100 ## - MAIN ENTRY--PERSONAL NAME
Personal name Mander, Harsh
245 ## - TITLE STATEMENT
Title Fatal accidents of birth:
Remainder of title stories of suffering, oppression and resistance /
Statement of responsibility, etc by Harsh Mander
260 ## - PUBLICATION, DISTRIBUTION, ETC. (IMPRINT)
Place of publication, distribution, etc New Delhi
Name of publisher, distributor, etc Speaking Tiger
Date of publication, distribution, etc 2016
270 ## - ADDRESS
Address 4381/4, Ansari Road, Daryaganj,
City New Delhi
Postal code 110002
300 ## - PHYSICAL DESCRIPTION
Extent xii,203p.
Dimensions 20cm(Hbk)
942 ## - ADDED ENTRY ELEMENTS (KOHA)
Source of classification or shelving scheme Dewey Decimal Classification
Item type English Books
Classification part 305.5680954
Call number suffix MAN
Holdings
Withdrawn status Lost status Not for loan Collection code Home library Current library Date acquired Source of acquisition Cost, normal purchase price Full call number Barcode Copy number Cost, replacement price Koha item type
      Non-fiction Ashok Vihar Ashok Vihar 04/05/2018 Pragati/142/27.11.2017/672/20.11.2017/28.11.2017 499.00 305.5680954 MAN B-681914 1 499.00 English Books
      Non-fiction Bawana Bawana 04/05/2018 Pragati/142/27.11.2017/672/20.11.2017/28.11.2017 499.00 305.5680954 MAN B-681917 1 499.00 English Books
      Non-fiction Central Library Central Library 04/05/2018 Pragati/142/27.11.2017/672/20.11.2017/28.11.2017 499.00 305.5680954 MAN B-681910 1 499.00 English Books
      Non-fiction Janak Puri Janak Puri 04/05/2018 Pragati/142/27.11.2017/672/20.11.2017/28.11.2017 499.00 305.5680954 MAN B-681916 1 499.00 English Books
      Non-fiction Kasturba Gandhi Marg Kasturba Gandhi Marg 17/08/2017 DBAD/PUB 499.00 305.5680954 MAN EN-103308 2 499.00 English Books
      Non-fiction Mobile Library Mobile Library 04/05/2018 Pragati/142/27.11.2017/672/20.11.2017/28.11.2017 499.00 305.5680954 MAN B-681911 2 499.00 English Books
      Non-fiction Mobile Library Mobile Library 04/05/2018 Pragati/142/27.11.2017/672/20.11.2017/28.11.2017 499.00 305.5680954 MAN B-681912 2 499.00 English Books
      Non-fiction New Police Line New Police Line 04/05/2018 Pragati/142/27.11.2017/672/20.11.2017/28.11.2017 499.00 305.5680954 MAN B-681913 1 499.00 English Books
      Non-fiction Patel Nagar Patel Nagar 04/05/2018 Pragati/142/27.11.2017/672/20.11.2017/28.11.2017 499.00 305.5680954 MAN B-681915 1 499.00 English Books
      Non-fiction Peshwa Road Peshwa Road 28/12/2022 DBAD/PUB 499.00 305.5680954 MAN EN-119493 1 499.00 English Books

© Delhi Public Library
Hit Counter
free hit counter